[Event "Groningen"]
[Site "Groningen"]
[Date "1990.??.??"]
[Round "?"]
[White "Brenninkmeijer, Joris"]
[Black "Arnason, Jon Loftur"]
[Result "1-0"]
[WhiteElo "2510"]
[BlackElo "2540"]
[Annotator "Schussler,H"]
[PlyCount "81"]
[EventDate "1990.12.??"]
[EventType "tourn"]
[EventRounds "9"]
[EventCountry "NED"]
[EventCategory "13"]
[SourceTitle "CBM 021"]
[Source "ChessBase"]
[SourceDate "1991.04.01"]
[SourceVersion "1"]
[SourceVersionDate "1991.04.01"]
[SourceQuality "1"]

1. d4 Nf6 2. c4 e6 3. Nf3 b6 4. g3 Ba6 5. b3 Bb7 6. Bg2 Bb4+ 7. Bd2 c5 8. O-O
O-O 9. Bc3 d5 10. cxd5 exd5 11. Bb2 Ne4 12. a3 Ba5 13. dxc5 bxc5 14. b4 Qb6 $5
{A new and strange-looking continuation, but Black does achieve an acceptable
position.} (14... Bb6 15. Nc3 cxb4 16. axb4 Na6 17. Nd4 $14 {Frias-Chandler,
England 1990.}) 15. Nc3 Nxc3 16. Bxc3 cxb4 17. axb4 Bxb4 18. Bxb4 Qxb4 19. Rb1
Qe7 20. Nd4 Qd7 21. Nf5 Rd8 {21. - Dxf5!?.} 22. e4 $1 $14 Nc6 23. Qxd5 Rab8 24.
Qxd7 Rxd7 25. Rfc1 Ne5 26. f4 Nd3 $6 27. Rc3 g6 28. Ne3 Re8 $6 {28. - a5.} 29.
Rxb7 Rxb7 30. Rxd3 a5 31. Ra3 Ra7 32. Ra4 Rb8 33. Nd5 Rb2 34. e5 Kg7 35. g4 h6
36. f5 gxf5 37. gxf5 h5 38. e6 fxe6 39. fxe6 Re2 40. e7 Re5 41. Re4 1-0

[Event "Biel"]
[Site "Biel"]
[Date "1992.??.??"]
[Round "3"]
[White "Karpov, Anatoly"]
[Black "Kortschnoj, Viktor Lvovich"]
[Result "1-0"]
[WhiteElo "2715"]
[BlackElo "2575"]
[Annotator "Schussler,H"]
[PlyCount "105"]
[EventDate "1992.07.??"]
[EventType "tourn"]
[EventRounds "14"]
[EventCountry "SUI"]
[EventCategory "16"]
[SourceTitle "CBM 031"]
[Source "ChessBase"]
[SourceDate "1992.12.01"]
[SourceVersion "1"]
[SourceVersionDate "1992.12.01"]
[SourceQuality "1"]

1. d4 Nf6 2. c4 e6 3. Nf3 b6 4. g3 Ba6 5. b3 Bb7 6. Bg2 Bb4+ 7. Bd2 c5 8. O-O
O-O 9. Bc3 (9. Bxb4 cxb4 10. Nbd2 (10. a3 Na6 11. axb4 Nxb4 12. Nc3 Ne4 $10 {
Kichnev,S-Brunner,L, SWZ-chI, CBM 31 game 850.}) 10... d6 11. Re1 Nbd7 12. a3
bxa3 13. b4 a5 $10 {Chuchelov,V-Lau,R, Porz 1992, CBM 31 game 774.}) (9. dxc5
Bxc5 10. Nc3 Ne4 11. Ne5 Nxc3 12. Bxc3 Bxg2 13. Kxg2 Qc7 14. Qd2 Be7 $10 {
Zueger,V-Brunner,L, SWZ-chI 1992 CBM 31 game 878}) 9... d5 $6 {Probably too
ambitious.} 10. cxd5 Nxd5 11. Bb2 $14 {Bb4 is misplaced and White has a lead
in development.} cxd4 12. Qxd4 Qf6 13. a3 Qxd4 14. Nxd4 Bc5 (14... Be7 15. Nc3
$14) 15. Nb5 $1 Nc6 16. b4 Be7 17. e4 Nf6 18. e5 Nd5 19. N1c3 Nxc3 20. Bxc3 Nd8
$6 21. Bxb7 Nxb7 22. Rfd1 Rfd8 23. Rxd8+ Bxd8 24. Rd1 $16 a6 25. Rd7 axb5 26.
Rxb7 Kf8 27. Bd4 Ra6 28. h4 $1 h5 $6 29. Kf1 Ke8 30. Ke2 Kf8 31. Rb8 Ke8 32.
Rb7 Kf8 33. Kf1 Ke8 34. Kg2 Kf8 35. Rb8 Ke7 36. Rb7+ Kf8 37. Be3 $1 $18 Ke8 38.
Kf1 Kf8 39. Rb8 Ke7 40. Bg5+ f6 41. exf6+ gxf6 42. Bxf6+ Kxf6 43. Rxd8 Rxa3 44.
Rh8 $1 Rb3 (44... Kg6 45. Rg8+ {Or 45.Rb8 + -} Kh6 46. Rg5 $18) 45. Rxh5 Rxb4
46. Kg2 Kg6 47. Re5 Kf6 48. f4 Rb2+ 49. Kf3 b4 50. Rb5 b3 51. Kg4 Rb1 52. Kh5
b2 53. g4 1-0

[Event "Hoogovens"]
[Site "Wijk aan Zee"]
[Date "1992.01.??"]
[Round "1"]
[White "Epishin, Vladimir"]
[Black "Van der Wiel, John"]
[Result "1-0"]
[WhiteElo "2620"]
[BlackElo "2540"]
[Annotator "Schussler,H"]
[PlyCount "107"]
[EventDate "1992.01.??"]
[EventType "tourn"]
[EventRounds "13"]
[EventCountry "NED"]
[EventCategory "14"]
[SourceTitle "CBM 028"]
[Source "ChessBase"]
[SourceDate "1992.06.01"]
[SourceVersion "1"]
[SourceVersionDate "1992.06.01"]
[SourceQuality "1"]

1. d4 Nf6 2. c4 e6 3. Nf3 b6 4. g3 Ba6 5. b3 d5 6. cxd5 (6. Bg2 dxc4 7. Ne5
Bb4+ 8. Kf1 c6 9. bxc4 O-O 10. Bb2 Bd6 11. Nd2 Qc7 12. Qc2 Bb7 13. Nd3 Nbd7 $10
{Miralles,G-Fedorowicz,J, Cannes 1992.}) 6... Nxd5 7. e4 $5 {Usual is 7.Bg2.}
Bxf1 8. Kxf1 Nf6 9. Qe2 (9. Bg5 Nbd7 10. Kg2 Be7 {10. - h6!?} 11. Nc3 O-O 12.
Qe2 $14 {(Epishin)}) 9... c5 10. d5 exd5 11. exd5+ Be7 12. Nc3 Nxd5 $6 (12...
O-O 13. Kg2 Re8 14. Qd3 $14) 13. Qe4 Nxc3 (13... Nc7 14. Bf4 $18 {15.Rd1 is
coming.}) 14. Qxa8 O-O 15. Kg2 (15. Bb2 Qd7 $5 16. Ne5 {16.Bxc3 Nc6} Qb5+ 17.
Kg2 Nd7 18. Qc6 $16) 15... Bf6 16. Bf4 (16. Bb2 Qd7 17. Bxc3 Nc6 $10) 16... Nd5
(16... Ne2 17. Qxb8 Qxb8 18. Bxb8 Bxa1 19. Bxa7 Ra8 20. Bxb6 Rxa2 21. Bxc5 $16)
17. Bxb8 (17. Be5 Qd7 18. Bxb8 Nf4+ 19. gxf4 Qg4+ 20. Kf1 Bxa1 21. Qb7 Qh3+ 22.
Ke2 $18 {(Epishin)}) 17... Bxa1 18. Rxa1 Nf6 $6 {18. - Sc3 =} 19. Qxa7 Qxb8 20.
Qxb8 Rxb8 21. Rd1 b5 22. Ne5 $14 Ra8 23. a4 bxa4 24. bxa4 Kf8 25. Ra1 Ke7 26.
a5 Ra6 27. f4 $6 {27.Re1! + =} Ne8 $10 28. Re1 Nd6 29. Kf3 (29. Nc4+ Kd7 30.
Rd1 Kc7 $10) 29... Kd8 30. Rd1 Kc7 31. Rd5 c4 32. Rc5+ Kd8 $2 (32... Kb7 33.
Ke3 f6 34. Nf3 Rc6 $10 {(Epishin)}) 33. Nc6+ Ke8 34. Re5+ Kf8 35. Nb4 Ra8 36.
a6 $18 c3 37. Rc5 Rb8 38. a7 Ra8 39. Nc6 f6 40. Rxc3 Nb5 41. Rc5 Nxa7 42. Ra5
Nxc6 43. Rxa8+ Kf7 44. Ke4 Ne7 45. g4 Ke6 46. Rf8 Nc6 47. f5+ Ke7 48. Rc8 Nd8
49. Rc7+ Kf8 50. Kd5 Nf7 51. Rc8+ Ke7 52. Rg8 g5 53. Rg7 Kf8 54. Rxh7 (54.
Rxf7+ $4 Kxf7 55. Kd6 Kg7 56. Ke6 Kh6 57. Kxf6 $10) 1-0

[Event "Hoogovens"]
[Site "Wijk aan Zee"]
[Date "1992.01.??"]
[Round "3"]
[White "Gelfand, Boris"]
[Black "Van der Wiel, John"]
[Result "1/2-1/2"]
[WhiteElo "2665"]
[BlackElo "2540"]
[Annotator "Schussler,H"]
[PlyCount "91"]
[EventDate "1992.01.??"]
[EventType "tourn"]
[EventRounds "13"]
[EventCountry "NED"]
[EventCategory "14"]
[SourceTitle "CBM 028"]
[Source "ChessBase"]
[SourceDate "1992.06.01"]
[SourceVersion "1"]
[SourceVersionDate "1992.06.01"]
[SourceQuality "1"]

1. d4 Nf6 2. c4 e6 3. Nf3 b6 4. g3 Ba6 5. b3 Bb4+ 6. Bd2 Be7 7. Bg2 c6 8. O-O
d5 9. Ne5 Nfd7 10. Nxd7 Nxd7 (10... Qxd7 11. Bc3 (11. Bf4 {(Van der Wiel)} dxc4
{11. - Bf6!? (Van der Wiel).} 12. bxc4 Bxc4 13. Nd2 Qxd4 $2 14. Nxc4 Qxc4 15.
Rc1 Qxa2 16. Rxc6 Na6 17. Rc2 $18) 11... dxc4 12. d5 cxd5 13. Bxg7 Rg8 $13 {
Tjernin-Huss, San Bernardino 1991.}) 11. Bc3 O-O 12. Nd2 Rc8 13. e4 c5 (13...
b5 14. Re1 dxc4 15. bxc4 bxc4 16. Qa4 Bb5 17. Qc2 Nf6 18. Rab1 Qd7 19. Ba1 c5
20. d5 $1 $14 {Van der Sterren,P-Arkhipov,S, Nettetal 1992 CBM 28 game 586.})
14. exd5 exd5 15. dxc5 (15. Bxd5 Nf6 $10) 15... dxc4 16. c6 cxb3 17. Re1 {
17.Nc4 b2 is considered OK for Black.} Bb5 (17... b2 18. Bxb2 Nc5 19. Ba3 $14 {
Gheorghiu-Cserna, Berlin 1986.}) 18. axb3 a5 {New.} (18... Bxc6 19. Bxc6 Rxc6
20. Rxa7 Bf6 $13) 19. Rc1 (19. Qg4 $2 Nf6 $17) 19... Bxc6 (19... Nc5 20. Qg4 $1
Bf6 21. Bxf6 Qxf6 22. Ne4 Nxe4 23. Qxe4 Rc7 24. Qe5 {(Van der Wiel)} Qxe5 25.
Rxe5 Ba6 $14) 20. Bxg7 Kxg7 21. Rxc6 Rxc6 22. Bxc6 Nf6 23. Qc1 Bc5 24. Kg2 Qd4
25. Re2 $1 (25. Nf3 Qxf2+ 26. Kh1 h6 27. Rf1 Qe3 28. Qa1 Bb4 $1 29. Nh4 Qc3 $15
) 25... Rc8 (25... Qd3 26. Ne4 Qxe2 $2 27. Qg5+ Kh8 28. Qxf6+ Kg8 29. Qe5 $18)
26. Bf3 (26. Be4 h6 27. Nf3 $14) 26... Re8 $1 $10 27. Qe1 Bb4 28. Rxe8 Nxe8 29.
Qxe8 Bxd2 30. Qe2 Bb4 31. Be4 h6 32. Qg4+ Kf8 33. Qf5 Ke7 34. Bd5 Qf6 35. Qc8
Bc5 36. f4 Qd6 37. Qb7+ Qd7 38. Qxd7+ Kxd7 39. Bxf7 b5 40. Bg6 a4 41. bxa4 bxa4
42. Kf3 Ke7 43. Bc2 a3 44. Bb3 Kf6 45. g4 Kg7 46. h4 1/2-1/2

[Event "Dortmund-B"]
[Site "Dortmund"]
[Date "1991.??.??"]
[Round "8"]
[White "Lutz, Christopher"]
[Black "Romanishin, Oleg M"]
[Result "1/2-1/2"]
[WhiteElo "2500"]
[BlackElo "2610"]
[Annotator "Schussler,H"]
[PlyCount "55"]
[EventDate "1991.03.23"]
[EventType "tourn"]
[EventRounds "9"]
[EventCountry "GER"]
[EventCategory "10"]
[SourceTitle "CBM 023"]
[Source "ChessBase"]
[SourceDate "1991.08.01"]
[SourceVersion "1"]
[SourceVersionDate "1991.08.01"]
[SourceQuality "1"]

1. d4 Nf6 2. c4 e6 3. Nf3 b6 4. g3 Ba6 5. b3 Bb7 6. Bg2 Bb4+ 7. Bd2 c5 8. O-O
O-O 9. dxc5 bxc5 10. Nc3 d5 11. cxd5 exd5 12. Ne5 {Lputjan has recommended 12.
Na4. In any case is White slightly better due to to his pressure against the
hanging pawns c5 and d5.} Qe7 13. Nd3 d4 14. Bxb7 Qxb7 15. Na4 $14 Nbd7 16. Rc1
Ba3 17. Rc4 Ne4 18. Bc1 Bxc1 19. Qxc1 Rfe8 20. Naxc5 Ndxc5 21. Nxc5 Nxc5 22.
Rxc5 Rxe2 23. Qc4 Rae8 24. Rc7 Qf3 25. Qxd4 Rxa2 {Or 26.Rxa7 Rxa7 27.Qxa7 Qxb3
=} 26. Qd7 Rae2 27. Rc8 Kf8 28. Rxe8+ 1/2-1/2

[Event "SUI Grand Prix"]
[Site "Suhr"]
[Date "1990.??.??"]
[Round "9"]
[White "Gheorghiu, Florin"]
[Black "Brunner, Lucas"]
[Result "1/2-1/2"]
[WhiteElo "2470"]
[BlackElo "2525"]
[Annotator "Schussler,H"]
[PlyCount "32"]
[EventDate "1990.??.??"]
[EventType "tourn"]
[EventRounds "9"]
[EventCountry "SUI"]
[EventCategory "9"]
[SourceTitle "CBM 017"]
[Source "ChessBase"]
[SourceDate "1990.08.01"]
[SourceVersion "1"]
[SourceVersionDate "1990.08.01"]
[SourceQuality "1"]

1. d4 Nf6 2. c4 e6 3. Nf3 b6 4. g3 Ba6 5. b3 Bb4+ 6. Bd2 Be7 7. Bg2 c6 8. Bc3
d5 9. Nbd2 O-O 10. O-O Nbd7 11. Re1 c5 12. e4 dxe4 (12... dxc4 $5 13. Nxc4 Bb7
14. Nfe5 cxd4 15. Bxd4 b5 $13 {Cvitan-Stempin (see game 772/disk 17).}) 13.
Nxe4 Nxe4 14. Rxe4 Bb7 15. Re3 Nf6 16. Ne5 Bxg2 1/2-1/2

[Event "SUI-GP"]
[Site "Suhr"]
[Date "1991.??.??"]
[Round "6"]
[White "Zueger, Beat"]
[Black "Summermatter, Daniel"]
[Result "1-0"]
[WhiteElo "2425"]
[BlackElo "2320"]
[Annotator "Schussler,H"]
[PlyCount "73"]
[EventDate "1991.03.??"]
[EventType "tourn"]
[EventRounds "9"]
[EventCountry "SUI"]
[EventCategory "8"]
[SourceTitle "CBM 022"]
[Source "ChessBase"]
[SourceDate "1991.06.01"]
[SourceVersion "1"]
[SourceVersionDate "1991.06.01"]
[SourceQuality "1"]

1. d4 Nf6 2. c4 e6 3. Nf3 b6 4. g3 Ba6 5. b3 Bb4+ 6. Bd2 Be7 7. Bg2 c6 8. Bc3
d5 9. Ne5 Nfd7 10. Nxd7 Nxd7 11. Nd2 O-O 12. O-O f5 $6 {12. - b5, 12. - Nf6,
12. - Rc8} 13. b4 $14 Nf6 14. c5 Ne4 15. Nxe4 fxe4 16. f3 exf3 17. Rxf3 e5 18.
Rxf8+ Qxf8 19. cxb6 axb6 20. dxe5 Rd8 21. Qd4 Bxe2 22. Qxb6 c5 23. Re1 Bc4 24.
Qe6+ Kh8 25. b5 Bg5 26. b6 Ba6 27. h4 Bh6 28. Ba5 c4 29. Qc6 c3 30. e6 Qe7 31.
Qxc3 d4 32. Qc7 Re8 33. Qxe7 Rxe7 34. Bb4 Re8 35. Bc6 Be3+ 36. Rxe3 dxe3 37.
Bxe8 1-0

[Event "Reggio Emilia Top15 33rd"]
[Site "Reggio Emilia"]
[Date "1991.??.??"]
[Round "?"]
[White "Epishin, Vladimir"]
[Black "Gulko, Boris F"]
[Result "1/2-1/2"]
[WhiteElo "2620"]
[BlackElo "2575"]
[Annotator "Schussler,H"]
[PlyCount "40"]
[EventDate "1991.01.??"]
[EventType "tourn"]
[EventRounds "14"]
[EventCountry "ITA"]
[EventCategory "15"]
[SourceTitle "CBM 022"]
[Source "ChessBase"]
[SourceDate "1991.06.01"]
[SourceVersion "1"]
[SourceVersionDate "1991.06.01"]
[SourceQuality "1"]

1. d4 Nf6 2. c4 e6 3. Nf3 b6 4. g3 Ba6 5. Nbd2 d5 6. Bg2 Be7 7. Qc2 O-O 8. O-O
c5 9. dxc5 bxc5 10. Ne5 Qc7 11. Ndf3 Bd6 12. cxd5 exd5 13. Nd3 Re8 14. Be3 Nbd7
15. Rac1 Rac8 16. Qa4 Qb6 17. b4 Bxd3 18. exd3 Qxb4 19. Qxb4 cxb4 20. Bh3 h6 {
20. - a5!?} 1/2-1/2

[Event "Vrnjacka Banja"]
[Site "Vrnjacka Banja"]
[Date "1991.??.??"]
[Round "6"]
[White "Huzman, Alexander"]
[Black "Kaspi, Alexander"]
[Result "1-0"]
[WhiteElo "2475"]
[BlackElo "2390"]
[Annotator "Schussler,H"]
[PlyCount "93"]
[EventDate "1991.04.??"]
[EventType "tourn"]
[EventRounds "15"]
[EventCountry "YUG"]
[EventCategory "9"]
[SourceTitle "CBM 023"]
[Source "ChessBase"]
[SourceDate "1991.08.01"]
[SourceVersion "1"]
[SourceVersionDate "1991.08.01"]
[SourceQuality "1"]

1. d4 Nf6 2. Nf3 b6 3. c4 e6 4. g3 Ba6 5. Qb3 Nc6 6. Nbd2 Na5 7. Qa4 Bb7 (7...
c5 $6 8. e4 $1 cxd4 $2 9. b4 $18) 8. Bg2 c5 9. dxc5 {9.0-0} bxc5 10. O-O Be7
11. Rd1 O-O 12. Nb3 Nxb3 13. Qxb3 Qb6 {13. - Qc7 =} 14. Ne5 Bxg2 15. Kxg2 Rfd8
16. Bg5 $14 Qc7 17. Ng4 Rab8 18. Qf3 Qb7 19. b3 Qxf3+ 20. Kxf3 Kf8 21. Nxf6
Bxf6 22. Bxf6 gxf6 23. Rd6 Rb6 24. Rad1 Ke7 25. Rxb6 axb6 26. Kg4 $14 Rg8+ 27.
Kh5 d5 28. Kh6 d4 29. b4 f5 30. bxc5 bxc5 31. Rb1 Kf6 32. a4 Ra8 33. Ra1 e5 34.
a5 Ra6 35. Kxh7 Kg5 36. Kg7 Kg4 37. h4 f4 38. gxf4 exf4 39. Ra3 Kxh4 40. Kxf7
f3 41. Rxf3 Rxa5 42. Ke6 $18 Ra2 43. Kd5 Rxe2 44. Kxc5 Kg4 45. Rd3 Rxf2 46.
Rxd4+ Kf5 47. Kd6 1-0

[Event "URS-sf Ukraine-ch"]
[Site "Kherson"]
[Date "1989.??.??"]
[Round "?"]
[White "Shneider, Aleksandr"]
[Black "Novikov, Igor A"]
[Result "1/2-1/2"]
[WhiteElo "2495"]
[BlackElo "2500"]
[Annotator "Schussler,H"]
[PlyCount "51"]
[EventDate "1989.11.??"]
[EventType "tourn"]
[EventRounds "15"]
[EventCountry "URS"]
[EventCategory "7"]
[SourceTitle "CBM 016"]
[Source "ChessBase"]
[SourceDate "1990.06.01"]
[SourceVersion "1"]
[SourceVersionDate "1990.06.01"]
[SourceQuality "1"]

1. d4 Nf6 2. c4 e6 3. Nf3 b6 4. g3 Ba6 5. b3 Bb4+ 6. Bd2 Be7 7. Bg2 c6 8. Bc3
d5 9. Ne5 Nfd7 10. Nxd7 Nxd7 11. Nd2 O-O 12. O-O Rc8 13. e4 {Black now has an
option. He can either strive for counterplay with 13. - b5 or for liquidation
with 13. - c5 as in this game.} c5 $5 {By means of a precise series of moves
Black tries to reach an equal position by brute force.} 14. exd5 exd5 15. dxc5
dxc4 16. c6 {As this seems to lead to nothing 16. xc4, keeping the tension,
might be the best try for an advantage.} cxb3 $1 17. Re1 Bb5 $1 18. axb3 $5 {
A new but not very dangerous try.} (18. Nxb3 Bxc6 19. Bxg7 Kxg7 20. Nd4 Bxg2
21. Nf5+ Kh8 22. Rxe7 Bh3 23. Qd4+ Ne5 24. Qxe5+ $5 f6 25. Qe2 Bxf5 26. Rd1 Bg4
$1 {Draw agreed, Yusupov-Sax, Rotterdam 1989.}) 18... Bxc6 19. Bxc6 Rxc6 20.
Rxa7 Bf6 {Safer than 20. - xc3 21. b1!.} 21. Ne4 Bxc3 22. Rxd7 Qc8 23. Nxc3
Rxc3 24. Qd5 Qc6 25. Qxc6 Rxc6 26. Re3 1/2-1/2

[Event "URS-sf"]
[Site "Daugavpils"]
[Date "1989.??.??"]
[Round "?"]
[White "Dautov, Rustem"]
[Black "Smirin, Ilia"]
[Result "0-1"]
[WhiteElo "2535"]
[BlackElo "2530"]
[Annotator "Schussler,H"]
[PlyCount "80"]
[EventDate "1989.11.??"]
[EventType "tourn"]
[EventRounds "15"]
[EventCountry "URS"]
[EventCategory "9"]
[SourceTitle "CBM 016"]
[Source "ChessBase"]
[SourceDate "1990.06.01"]
[SourceVersion "1"]
[SourceVersionDate "1990.06.01"]
[SourceQuality "1"]

1. d4 Nf6 2. Nf3 e6 3. c4 b6 4. g3 Ba6 5. Qa4 Bb7 6. Bg2 c5 7. dxc5 Bxc5 8. O-O
O-O 9. Nc3 Be7 10. Bf4 Na6 11. Rfd1 Nc5 12. Qc2 Nce4 13. Rac1 Qc8 14. Nxe4 {
14. Nd4!?, Salov-Sax, SkellefteÅ 1989.} Bxe4 15. Qd2 $5 (15. Qb3 Qb7 16. Bd6
Bxd6 17. Rxd6 Rac8 $15 {Dlugy-Adorjan, New York 1984.}) 15... Qb7 16. Bd6 Bxd6
17. Qxd6 Rac8 18. b3 h6 19. Rd4 Rc6 20. Qf4 Rc5 21. Rd6 b5 22. Bf1 bxc4 23.
bxc4 {This game shows the need for an early White improvement.} Rf5 24. Qd2
Bxf3 25. exf3 Qxf3 26. Bg2 Qa3 27. Rd3 Qa5 28. Qb2 Rc8 29. Ra3 Qc5 30. Rf3 Qe5
31. Qxe5 Rxe5 32. Ra3 Rc7 33. Bf1 g5 34. Rb1 Kg7 35. f3 d5 36. Rb5 Re1 37. Kf2
Ra1 38. c5 e5 39. Ra6 g4 40. c6 gxf3 0-1

[Event "URS-sf Moscow-ch"]
[Site "Moscow"]
[Date "1989.??.??"]
[Round "?"]
[White "Arbakov, Valentin"]
[Black "Balashov, Yuri S"]
[Result "1-0"]
[WhiteElo "2405"]
[BlackElo "2535"]
[Annotator "Schussler,H"]
[PlyCount "117"]
[EventDate "1989.11.??"]
[EventType "tourn"]
[EventRounds "7"]
[EventCountry "URS"]
[EventCategory "10"]
[SourceTitle "CBM 016"]
[Source "ChessBase"]
[SourceDate "1990.06.01"]
[SourceVersion "1"]
[SourceVersionDate "1990.06.01"]
[SourceQuality "1"]

1. d4 Nf6 2. c4 e6 3. Nf3 b6 4. g3 Ba6 5. b3 Bb7 6. Bg2 Bb4+ 7. Bd2 c5 8. O-O
O-O 9. Bxb4 cxb4 10. a3 Na6 11. axb4 Nxb4 12. Nc3 Qe7 (12... Ne4 13. Qc1 Nxc3
14. Qxc3 a5 15. Ne5 {Draw agreed, Yusupov-Benjamin, Saint John (open II) 1988.}
) 13. Qd2 Rfd8 14. Ne5 Bxg2 15. Kxg2 d6 16. Nf3 d5 17. Rfc1 a5 18. Na4 Qb7 19.
c5 $1 $14 {Black will get a weak pawn at a5.} bxc5 20. Nxc5 Qb5 21. Ne5 Rdc8
22. Qe3 Nc6 23. Ned3 Nd8 24. Ra4 Ne8 25. Rca1 Nc7 26. Ne5 f6 27. Ned3 Kf7 28.
Nf4 Qb6 29. h4 g6 30. Nfd3 Ne8 31. b4 Nd6 32. bxa5 Qa7 33. a6 Qe7 34. Qf4 Kg7
35. Rb1 Ra7 36. Rab4 e5 37. Qg4 h5 38. Qh3 Nf5 39. Rb8 Rxb8 40. Rxb8 Kh7 41.
dxe5 fxe5 42. e4 dxe4 43. Nxe4 Rxa6 44. Ndc5 Rc6 45. Qh1 Nf7 46. Rb7 Rc7 47.
Nf6+ Kh8 48. Rb8+ Kg7 49. Ne8+ Kh7 50. Nxc7 Qxc5 51. Ne8 Nd4 52. Nf6+ Kg7 53.
Ne4 Qd5 54. Qb1 Nd6 55. f3 Qf7 56. Qd3 Qa7 57. Rb2 N6f5 58. Ng5 Nd6 59. Ne6+
1-0

[Event "Haninge"]
[Site "Haninge"]
[Date "1990.??.??"]
[Round "1"]
[White "Karpov, Anatoly"]
[Black "Polugaevsky, Lev"]
[Result "1/2-1/2"]
[WhiteElo "2730"]
[BlackElo "2610"]
[Annotator "Schussler,H"]
[PlyCount "60"]
[EventDate "1990.05.??"]
[EventType "tourn"]
[EventRounds "11"]
[EventCountry "SWE"]
[EventCategory "14"]
[SourceTitle "CBM 018"]
[Source "ChessBase"]
[SourceDate "1990.10.01"]
[SourceVersion "1"]
[SourceVersionDate "1990.10.01"]
[SourceQuality "1"]

1. d4 Nf6 2. c4 e6 3. Nf3 b6 4. g3 Ba6 5. b3 Bb4+ 6. Bd2 Be7 7. Bg2 c6 8. Bc3
d5 9. Ne5 Nfd7 10. Nxd7 Nxd7 11. Nd2 O-O 12. O-O Rc8 {12. - Nf6, 12. - f5!?}
13. e4 c5 14. exd5 exd5 15. dxc5 dxc4 16. c6 cxb3 17. Nc4 $5 (17. Re1 Bb5 18.
axb3 Bxc6 19. Bxc6 Rxc6 20. Rxa7 Bf6 $10 {Novikov-Stempin, Polanica 1989. 20.
- Rxc3? 21.Nb1! with a clear advantage to White. See the game Novikov-Oll,
Lvov (zt) 1990.}) 17... b2 18. Bxb2 Bxc4 19. Qg4 Bf6 20. Bxf6 Qxf6 21. Qxc4 Ne5
$10 22. Qa6 Nf3+ 23. Bxf3 Qxf3 24. Qxa7 Rxc6 25. Rab1 Qf6 26. Rfc1 Rxc1+ 27.
Rxc1 Qb2 28. Re1 h5 29. a4 Qd4 30. Rb1 Qe4 1/2-1/2

[Event "Haninge"]
[Site "Haninge"]
[Date "1990.??.??"]
[Round "10"]
[White "Ftacnik, Lubomir"]
[Black "Sax, Gyula"]
[Result "1/2-1/2"]
[WhiteElo "2560"]
[BlackElo "2605"]
[Annotator "Schussler,H"]
[PlyCount "64"]
[EventDate "1990.05.??"]
[EventType "tourn"]
[EventRounds "11"]
[EventCountry "SWE"]
[EventCategory "14"]
[SourceTitle "CBM 018"]
[Source "ChessBase"]
[SourceDate "1990.10.01"]
[SourceVersion "1"]
[SourceVersionDate "1990.10.01"]
[SourceQuality "1"]

1. d4 Nf6 2. Nf3 e6 3. c4 b6 4. g3 Ba6 5. Nbd2 Bb4 6. Qc2 Bb7 7. Bg2 c5 8. O-O
{For 8. dxc5, see Browne-Bishoff, Dortmund-A, 1990.} cxd4 9. Nxd4 Bxg2 10. Kxg2
Qc7 11. N2f3 a6 12. Bg5 Be7 13. e4 Nc6 14. Nxc6 Qxc6 15. Rfe1 h6 16. Bxf6 Bxf6
17. e5 Be7 18. Rad1 Rc8 19. Qd3 Rc7 20. b3 O-O 21. Qe4 Qc5 22. Re2 b5 23. Rc2
Rfc8 24. Rdc1 Qb4 25. Nd2 d5 26. exd6 Qxd6 27. Nf3 Qc6 28. Qxc6 Rxc6 29. Nd4
Rd6 30. cxb5 Rxc2 31. Nxc2 axb5 32. Ne3 Ra6 1/2-1/2

[Event "Bern Training"]
[Site "Bern"]
[Date "1992.??.??"]
[Round "3"]
[White "Zueger, Beat"]
[Black "Kortschnoj, Viktor Lvovich"]
[Result "1/2-1/2"]
[WhiteElo "2420"]
[BlackElo "2585"]
[Annotator "Schussler,H"]
[PlyCount "73"]
[EventDate "1992.??.??"]
[EventType "schev"]
[EventRounds "3"]
[EventCountry "SUI"]
[SourceTitle "CBM 030"]
[Source "ChessBase"]
[SourceDate "1992.10.01"]
[SourceVersion "1"]
[SourceVersionDate "1992.10.01"]
[SourceQuality "1"]

1. d4 Nf6 2. c4 e6 3. Nf3 b6 4. g3 Ba6 5. b3 Bb7 (5... d5 6. Bg2 dxc4 7. Ne5
Bb4+ 8. Kf1 Nfd7 9. a3 Be7 10. Nxf7 $5 Kxf7 11. Bxa8 c6 12. Nd2 b5 $1 {12. -
cxb3 - Polgar,Zsu-Yudasin,L, Madrid 1992. CBM 30 game 298.} 13. Nf3 $13 {
Polgar,Zsu-Psakhis,L, Aruba 1992. CBM 30 game 48.}) 6. Bg2 Bb4+ 7. Bd2 a5 8.
O-O O-O 9. Nc3 (9. Qc2 d6 10. a3 Bxd2 11. Nbxd2 Nbd7 12. e4 e5 13. Rfe1 {
+/=/= - Granda Zuniga,J-Karpov,A, Madrid CBM 30 game 278.}) 9... h6 (9... Re8
10. Qc2 h6 11. Rfe1 Bxc3 12. Bxc3 Be4 13. Qb2 d5 14. Bf1 c6 15. Nd2 Bg6 16. a3
Nbd7 $10 {Alterman,B-Kortschnoj,V, Beersheba CBM 30 game 179.}) 10. d5 $5 c6
11. dxe6 dxe6 12. Qc2 Qe7 13. Rad1 Nbd7 14. Ne4 Nxe4 15. Qxe4 Nf6 16. Qc2 Rfd8
(16... Bxd2 17. Rxd2 c5 $10) 17. Bf4 Bc5 18. Be5 Ng4 19. Bd4 Bxd4 20. Nxd4 Qc5
{20. - c5 =} 21. e3 Rd6 22. Nf3 Rad8 23. Rd4 $14 Nf6 24. Rfd1 Kf8 25. Qb2 Rxd4
26. Rxd4 Rd7 27. a3 e5 28. b4 axb4 29. axb4 Qe7 30. Rxd7 Nxd7 31. Nd2 Nf6 32.
Ne4 Nxe4 33. Bxe4 g6 34. b5 $10 cxb5 35. Bxb7 Qxb7 36. Qxb5 Qc7 37. Qd5 1/2-1/2

[Event "Tilburg"]
[Site "Tilburg"]
[Date "1990.09.07"]
[Round "1"]
[White "Nikolic, Predrag"]
[Black "Timman, Jan H"]
[Result "1-0"]
[WhiteElo "2600"]
[BlackElo "2660"]
[Annotator "Schussler,H"]
[PlyCount "72"]
[EventDate "1990.09.??"]
[EventType "tourn"]
[EventRounds "14"]
[EventCountry "NED"]
[EventCategory "16"]
[SourceTitle "CBM 020"]
[Source "ChessBase"]
[SourceDate "1991.02.01"]
[SourceVersion "1"]
[SourceVersionDate "1991.02.01"]
[SourceQuality "1"]

1. d4 Nf6 2. c4 e6 3. Nf3 b6 4. g3 Ba6 5. b3 d5 6. cxd5 Nxd5 7. Bg2 Be7 8. O-O
O-O 9. Bb2 Nd7 10. Nc3 Bb7 11. Rc1 Rc8 (11... Nxc3 12. Bxc3 c5 $10) 12. Nxd5
exd5 {12. - Bxd5!?} 13. Bh3 $1 Bd6 $2 14. Ne5 $1 $16 Bxe5 15. dxe5 Qe7 16. e4
$1 c6 17. Re1 Rfd8 18. exd5 cxd5 19. Rxc8 Bxc8 20. Qc1 $1 Nc5 21. Bxc8 $18 Nd3
22. Qc3 Nxe1 23. Ba6 d4 24. Qxe1 d3 25. Bc3 Qd7 26. Bd2 b5 27. Qe4 Qd5 28. Qxd5
Rxd5 29. f4 g5 30. Kf2 gxf4 31. gxf4 Rc5 32. Ke3 Rc6 33. Bxb5 Rh6 34. f5 Rh3+
35. Kd4 Rxh2 36. Kxd3 Kg7 {1.44-1.58} 1-0